[Event "Sueca op 4th"]
[Site "Sueca"]
[Date "2018.07.29"]
[Round "8"]
[White "Martinez Tormo, Jorge"]
[Black "Alberola Mulet, Jairo"]
[Result "1-0"]
[WhiteElo "2154"]
[BlackElo "2095"]
[PlyCount "73"]
[EventDate "2018.07.23"]
[EventType "swiss"]
[EventRounds "8"]
[EventCountry "ESP"]
[SourceTitle "CBM 185 Extra"]
[Source "ChessBase"]
[SourceDate "2018.07.29"]
[SourceVersion "1"]
[SourceVersionDate "2018.07.29"]
[SourceQuality "1"]

1. e4 e6 2. d4 d5 3. e5 c5 4. c3 Qb6 5. Nf3 Nc6 6. a3 Bd7 7. b4 cxd4 8. cxd4 Rc8 9. Bb2 Na5 10. Nbd2 Nc4 11. Nxc4 dxc4 12. Rc1 a5 13. Nd2 axb4 14. Nxc4 Qd8 15. axb4 Bc6 16. Bc3 Nh6 17. b5 Bd5 18. Ba5 Qd7 19. Nb6 Rxc1 20. Qxc1 Qd8 21. Qc3 Be7 22. Nc8 Qd7 23. Nxe7 Kxe7 24. Bb4+ Ke8 25. f3 f6 26. Bd3 Kf7 27. exf6 gxf6 28. Qd2 Nf5 29. 0-0 Nxd4 30. Qh6 e5 31. Bxh7 Qxb5 32. Qg6+ Ke6 33. Qg4+ f5 34. Qg6+ Kd7 35. Qg7+ Kc6 36. Qf6+ Be6 37. Rc1+ 1-0

[Event "Valencia Region-ch"]
[Site "Valencia"]
[Date "2016.11.19"]
[Round "7"]
[White "Gimenez Menchon, Cesar"]
[Black "Martinez Tormo, Jorge"]
[Result "1/2-1/2"]
[WhiteElo "2135"]
[BlackElo "2116"]
[PlyCount "107"]
[EventDate "2016.10.01"]
[EventType "swiss"]
[EventRounds "7"]
[EventCountry "ESP"]
[SourceTitle "EXT 2024"]
[Source "ChessBase"]
[SourceDate "2023.10.10"]
[SourceVersion "1"]
[SourceVersionDate "2023.10.10"]
[SourceQuality "1"]

1. e4 e5 2. Nf3 Nc6 3. Bc4 Bc5 4. c3 Nf6 5. d4 exd4 6. cxd4 Bb4+ 7. Nbd2 d5 8. exd5 Nxd5 9. 0-0 0-0 10. a3 Bxd2 11. Bxd2 Bg4 12. h3 Bh5 13. Ba2 Qd6 14. Qb3 Rad8 15. g4 Bg6 16. Rfe1 h5 17. Bg5 f6 18. Ne5 fxg5 19. Qxd5+ Qxd5 20. Bxd5+ Rxd5 21. Nxg6 Rfd8 22. Rac1 hxg4 23. Rxc6 bxc6 24. Ne7+ Kf7 25. Nxd5 Rxd5 26. Rc1 gxh3 27. Rxc6 Rd7 28. f3 a5 29. Kh2 Rxd4 30. Kxh3 a4 31. Rxc7+ Kf6 32. Rb7 g6 33. Kg3 Rc4 34. Rb6+ Kg7 35. Ra6 Kh6 36. Ra7 Rd4 37. Rb7 Rd2 38. Rb4 Kg7 39. Rxa4 Rxb2 40. Ra6 Ra2 41. a4 Kf7 42. Ra7+ Kf6 43. a5 Ra3 44. Ra8 Kf5 45. Rf8+ Ke6 46. Ra8 Kf5 47. a6 g4 48. a7 Kg5 49. Rb8 Rxa7 50. f4+ Kh6 51. Kxg4 Rf7 52. Rb5 Kg7 53. Kg5 Rd7 54. Rb6 1/2-1/2

[Event "Benidorm op U2300 10th"]
[Site "Benidorm"]
[Date "2011.12.09"]
[Round "9"]
[White "Gilea, Lucian"]
[Black "Martinez Tormo, Jorge"]
[Result "1-0"]
[WhiteElo "2269"]
[BlackElo "2162"]
[PlyCount "47"]
[EventDate "2011.12.02"]
[EventType "swiss"]
[EventRounds "10"]
[EventCountry "ESP"]
[SourceTitle "CBM 145 Extra"]
[Source "ChessBase"]
[SourceDate "2012.01.03"]
[SourceVersion "1"]
[SourceVersionDate "2012.01.03"]
[SourceQuality "1"]

1. d4 d5 2. Nf3 e6 3. g3 f5 4. c4 c6 5. Nc3 Nf6 6. Bg2 Be7 7. Bf4 0-0 8. Rc1 Ne4 9. h4 Nd7 10. Qb3 Kh8 11. h5 Qe8 12. Ne5 Ndf6 13. Bf3 b6 14. cxd5 cxd5 15. Nb5 Bd8 16. Nxa7 Ba6 17. Nac6 Nd7 18. Nxd8 Qxd8 19. Rc7 Nef6 20. a3 Kg8 21. Nxd7 Nxd7 22. Bxd5 exd5 23. Qxd5+ Rf7 24. Rxd7 1-0

[Event "Benidorm op U2300 10th"]
[Site "Benidorm"]
[Date "2011.12.07"]
[Round "7"]
[White "Paya Prats, Damian"]
[Black "Martinez Tormo, Jorge"]
[Result "1/2-1/2"]
[WhiteElo "2028"]
[BlackElo "2162"]
[PlyCount "48"]
[EventDate "2011.12.02"]
[EventType "swiss"]
[EventRounds "10"]
[EventCountry "ESP"]
[SourceTitle "CBM 145 Extra"]
[Source "ChessBase"]
[SourceDate "2012.01.03"]
[SourceVersion "1"]
[SourceVersionDate "2012.01.03"]
[SourceQuality "1"]

1. d4 d5 2. c4 e6 3. Nc3 f5 4. Nf3 c6 5. g3 Nf6 6. Bg2 Bd6 7. 0-0 0-0 8. Bg5 h6 9. Bxf6 Qxf6 10. e3 Nd7 11. Nd2 Qf7 12. c5 Bc7 13. f4 Nf6 14. Nf3 Qh5 15. Ne5 Qxd1 16. Raxd1 Bd7 17. Rb1 Bxe5 18. fxe5 Ne4 19. Nxe4 fxe4 20. Rxf8+ Kxf8 21. Kf2 b6 22. b4 Rb8 23. Rb3 bxc5 24. bxc5 Rxb3 1/2-1/2

[Event "Mislata op 45th"]
[Site "Mislata"]
[Date "2011.08.20"]
[Round "8"]
[White "Cruz Lledo, Pablo"]
[Black "Martinez Tormo, Jorge"]
[Result "1-0"]
[WhiteElo "2269"]
[BlackElo "2164"]
[PlyCount "101"]
[EventDate "2011.08.15"]
[EventType "swiss"]
[EventRounds "9"]
[EventCountry "ESP"]
[SourceTitle "CBM 143 Extra"]
[Source "ChessBase"]
[SourceDate "2011.08.29"]
[SourceVersion "1"]
[SourceVersionDate "2011.08.29"]
[SourceQuality "1"]

1. d4 d5 2. c4 c6 3. Nf3 Nf6 4. Nc3 g6 5. e3 Bg7 6. Be2 0-0 7. 0-0 Bg4 8. cxd5 cxd5 9. Qb3 b6 10. h3 Bxf3 11. Bxf3 e6 12. Rd1 Nc6 13. Qa4 Ne7 14. b3 a6 15. Bd2 b5 16. Qa3 Nc6 17. Qb2 Qd7 18. Rac1 Rfc8 19. Ne2 Nd8 20. Nf4 Nb7 21. Nd3 Ne4 22. Be1 f5 23. Be2 Bf8 24. f3 Nf6 25. a3 Bd6 26. b4 Rxc1 27. Rxc1 Rc8 28. Nc5 Nxc5 29. dxc5 Be7 30. Bc3 Kf7 31. Bd4 Qc6 32. g4 Nd7 33. f4 Bf6 34. g5 Bxd4 35. Qxd4 Nb6 36. Kf2 Nc4 37. h4 Kg8 38. h5 gxh5 39. g6 hxg6 40. Rg1 e5 41. fxe5 Re8 42. Bf3 Rxe5 43. Rd1 Qe8 44. Bxd5+ Kh7 45. Bxc4 bxc4 46. c6 Kh6 47. c7 Re4 48. Qc5 Qa4 49. Qf8+ Kg5 50. Qd8+ Kg4 51. Rg1+ 1-0

[Event "Mislata op 45th"]
[Site "Mislata"]
[Date "2011.08.19"]
[Round "7"]
[White "Martinez Tormo, Jorge"]
[Black "Ventura Monfort, Santiago"]
[Result "1-0"]
[WhiteElo "2164"]
[BlackElo "2003"]
[PlyCount "57"]
[EventDate "2011.08.15"]
[EventType "swiss"]
[EventRounds "9"]
[EventCountry "ESP"]
[SourceTitle "CBM 143 Extra"]
[Source "ChessBase"]
[SourceDate "2011.08.29"]
[SourceVersion "1"]
[SourceVersionDate "2011.08.29"]
[SourceQuality "1"]

1. e4 c5 2. Nf3 d6 3. d4 cxd4 4. Nxd4 Nf6 5. Nc3 a6 6. f4 e5 7. Nf3 Nbd7 8. Bd3 Be7 9. 0-0 0-0 10. Kh1 Qb6 11. a3 exf4 12. Bxf4 Qc7 13. Qe1 Ne5 14. Bg5 Be6 15. Nd4 Nxd3 16. cxd3 Qc5 17. Nf5 Bxf5 18. Rxf5 Qd4 19. Qe2 Qa7 20. Raf1 Rac8 21. Be3 Qb8 22. Rxf6 Rxc3 23. bxc3 gxf6 24. Bd4 Qd8 25. Qg4+ Kh8 26. Qh4 Rg8 27. Rxf6 Rg7 28. Qh6 Kg8 29. Rxd6 1-0

[Event "Mislata op 45th"]
[Site "Mislata"]
[Date "2011.08.18"]
[Round "6"]
[White "Corona Gentil, Jose Luis"]
[Black "Martinez Tormo, Jorge"]
[Result "1/2-1/2"]
[WhiteElo "2112"]
[BlackElo "2164"]
[PlyCount "120"]
[EventDate "2011.08.15"]
[EventType "swiss"]
[EventRounds "9"]
[EventCountry "ESP"]
[SourceTitle "CBM 143 Extra"]
[Source "ChessBase"]
[SourceDate "2011.08.29"]
[SourceVersion "1"]
[SourceVersionDate "2011.08.29"]
[SourceQuality "1"]

1. e4 c5 2. Nf3 e6 3. d4 cxd4 4. Nxd4 Nf6 5. Nc3 Nc6 6. Ndb5 Bb4 7. a3 Bxc3+ 8. Nxc3 d5 9. exd5 exd5 10. Be2 d4 11. Na2 Be6 12. 0-0 0-0 13. Bg5 Bxa2 14. Bxf6 Qxf6 15. Rxa2 Rfe8 16. Ra1 Re7 17. Qd2 Rae8 18. Rae1 Qe6 19. f3 Qa2 20. b3 Qxa3 21. Bd3 Qc5 22. Re4 b5 23. Rh4 h6 24. Qf2 a6 25. Qg3 Qe5 26. Qxe5 Rxe5 27. Kf2 Rd8 28. Be4 Nb4 29. Rd1 Rc5 30. Rd2 f5 31. Bb7 Rxc2 32. Rxc2 Nxc2 33. Bxa6 d3 34. Bxb5 d2 35. Be2 d1Q 36. Bxd1 Rxd1 37. Ra4 Rd3 38. Ra5 f4 39. g3 Rxb3 40. gxf4 Nd4 41. Kg3 Rxf3+ 42. Kg4 Rf2 43. Rd5 Ne2 44. f5 Rxh2 45. Rd2 Rf2 46. f6 gxf6 47. Rd7 f5+ 48. Kh5 Rg2 49. Kxh6 Nf4 50. Rg7+ Kf8 51. Rxg2 Nxg2 52. Kg5 f4 53. Kg4 Ke7 54. Kf3 Ke6 55. Kxg2 Kf5 56. Kf3 Ke5 57. Kf2 Ke4 58. Ke2 Kd4 59. Kf3 Ke5 60. Kf2 Ke4 1/2-1/2

[Event "Cullera op 13th"]
[Site "Cullera"]
[Date "2010.07.31"]
[Round "8"]
[White "Martinez Tormo, Jorge"]
[Black "Bas Mas, Jose Joaquin"]
[Result "1-0"]
[WhiteElo "2175"]
[BlackElo "2030"]
[PlyCount "87"]
[EventDate "2010.07.26"]
[EventType "swiss"]
[EventRounds "9"]
[EventCountry "ESP"]
[SourceTitle "CBM 137 Extra"]
[Source "ChessBase"]
[SourceDate "2010.09.01"]
[SourceVersion "1"]
[SourceVersionDate "2010.09.01"]
[SourceQuality "1"]

1. e4 c5 2. Nf3 e6 3. d4 cxd4 4. Nxd4 a6 5. Nc3 b5 6. Bd3 Qb6 7. Nb3 Qc7 8. 0-0 Nf6 9. Be3 Bb7 10. a3 d6 11. f4 Be7 12. Qf3 Nbd7 13. Rae1 0-0 14. Qh3 Rfe8 15. g4 Nf8 16. g5 N6d7 17. f5 Ne5 18. f6 Bd8 19. Bd4 Nfg6 20. Qh5 Nxd3 21. cxd3 e5 22. Be3 Bc8 23. Re2 Be6 24. Rf3 Bxb3 25. Rh3 gxf6 26. Qxh7+ Kf8 27. Rh6 fxg5 28. Rxg6 Ke7 29. Nd5+ Bxd5 30. exd5 Rf8 31. Bxg5+ Ke8 32. Bxd8 Qxd8 33. Rg3 Rc8 34. Qh6 Qd7 35. d4 f6 36. Rg7 Rf7 37. Qg6 Qb7 38. dxe5 Rc1+ 39. Kf2 dxe5 40. Rd2 Qc7 41. b4 Qa7+ 42. Ke2 Rc4 43. Rg8+ Ke7 44. d6+ 1-0

[Event "Cullera op 13th"]
[Site "Cullera"]
[Date "2010.07.28"]
[Round "3"]
[White "Rubio Tent, Francisco"]
[Black "Martinez Tormo, Jorge"]
[Result "0-1"]
[WhiteElo "1954"]
[BlackElo "2175"]
[PlyCount "92"]
[EventDate "2010.07.26"]
[EventType "swiss"]
[EventRounds "9"]
[EventCountry "ESP"]
[SourceTitle "CBM 137 Extra"]
[Source "ChessBase"]
[SourceDate "2010.09.01"]
[SourceVersion "1"]
[SourceVersionDate "2010.09.01"]
[SourceQuality "1"]

1. e4 c5 2. Nf3 Nc6 3. d4 cxd4 4. Nxd4 e5 5. Nb5 d6 6. c4 Be7 7. Bd3 Nf6 8. Be3 a6 9. N5c3 Be6 10. Nd5 0-0 11. Nbc3 Bxd5 12. cxd5 Nb4 13. 0-0 Nxd3 14. Qxd3 Ng4 15. Bc1 Bg5 16. Bxg5 Qxg5 17. Qg3 Qf4 18. f3 Ne3 19. Rf2 f5 20. Re1 Rac8 21. Qxf4 exf4 22. Ne2 g5 23. Nd4 fxe4 24. fxe4 h6 25. Ne6 Rf6 26. h4 Ng4 27. Rff1 Rc2 28. hxg5 hxg5 29. Rc1 Rxb2 30. Rc8+ Kh7 31. Rfc1 Kg6 32. Rg8+ Kh5 33. Rxg5+ Kh4 34. Rg8 Kg3 35. Rc3+ f3 36. Rxg4+ Kxg4 37. gxf3+ Rxf3 38. Rc7 Rg3+ 39. Kf1 Rd3 40. Ke1 Kf3 41. Ng5+ Ke3 42. Rc1 Rxa2 43. Nf7 Kxe4 44. Nxd6+ Kxd5 45. Nxb7 Rh3 46. Rc5+ Kd4 0-1

[Event "Cullera Bahia op 15th"]
[Site "Cullera"]
[Date "2009.07.27"]
[Round "6"]
[White "Martinez Tormo, Jorge"]
[Black "Urios Hernandez, Ramon"]
[Result "1-0"]
[WhiteElo "2169"]
[BlackElo "1996"]
[PlyCount "47"]
[EventDate "2009.07.21"]
[EventType "swiss"]
[EventRounds "9"]
[EventCountry "ESP"]
[SourceTitle "EXT 2010"]
[Source "ChessBase"]
[SourceDate "2010.11.25"]
[SourceVersion "1"]
[SourceVersionDate "2010.11.25"]
[SourceQuality "1"]

1. e4 c5 2. Nf3 Nf6 3. e5 Nd5 4. Nc3 Nxc3 5. dxc3 Nc6 6. Bc4 e6 7. Bf4 Be7 8. Qd2 0-0 9. 0-0-0 a6 10. Bd3 Qc7 11. h4 b5 12. Be4 Rd8 13. Ng5 h6 14. Qe2 f5 15. Qh5 fxe4 16. Qf7+ Kh8 17. Qg6 Bxg5 18. hxg5 Nxe5 19. Rxh6+ Kg8 20. Qh7+ Kf8 21. Rf6+ gxf6 22. Qh8+ Kf7 23. Qxf6+ Kg8 24. Bxe5 1-0

[Event "Cullera Bahia op 15th"]
[Site "Cullera"]
[Date "2009.07.23"]
[Round "3"]
[White "Moreno Torralba, David"]
[Black "Martinez Tormo, Jorge"]
[Result "1/2-1/2"]
[WhiteElo "2010"]
[BlackElo "2169"]
[PlyCount "82"]
[EventDate "2009.07.21"]
[EventType "swiss"]
[EventRounds "9"]
[EventCountry "ESP"]
[SourceTitle "EXT 2010"]
[Source "ChessBase"]
[SourceDate "2010.11.25"]
[SourceVersion "1"]
[SourceVersionDate "2010.11.25"]
[SourceQuality "1"]

1. c4 e5 2. Nc3 Nc6 3. g3 g6 4. Bg2 Bg7 5. Nf3 f5 6. d3 Nf6 7. 0-0 0-0 8. Rb1 d6 9. e3 h6 10. d4 e4 11. Nd2 a5 12. a3 Ne7 13. Qc2 c6 14. b4 axb4 15. Rxb4 Ra7 16. Qb3 d5 17. Qb1 g5 18. cxd5 Nexd5 19. Rb3 Nxc3 20. Rxc3 Be6 21. Re1 Nd5 22. Rb3 Rf7 23. Nc4 Nc7 24. Rc3 Nb5 25. Rc2 Bxc4 26. Rxc4 Nxa3 27. Bxa3 Rxa3 28. Rb4 Ra7 29. Rc1 Bf8 30. Rb3 Bd6 31. Bf1 Re7 32. Qc2 Kg7 33. Qd1 Qe8 34. Rb6 Rd7 35. Rb3 Qe7 36. Bh3 Qf7 37. Rcb1 Re7 38. d5 Be5 39. dxc6 bxc6 40. Qc2 Rac7 41. Qc5 g4 1/2-1/2

[Event "Mislata op 16th"]
[Site "Mislata"]
[Date "2008.08.29"]
[Round "6"]
[White "Navarro Diaz, Carles"]
[Black "Martinez Tormo, Jorge"]
[Result "1/2-1/2"]
[WhiteElo "2020"]
[BlackElo "2201"]
[PlyCount "30"]
[EventDate "2008.08.25"]
[EventType "swiss"]
[EventRounds "9"]
[EventCountry "ESP"]
[SourceTitle "CBM 126 Extra"]
[Source "ChessBase"]
[SourceDate "2008.11.05"]
[SourceVersion "1"]
[SourceVersionDate "2008.11.05"]
[SourceQuality "1"]

1. d4 d5 2. c4 e6 3. Nc3 f5 4. e3 Nf6 5. Nf3 c6 6. Be2 Bd6 7. Ne5 0-0 8. f4 b6 9. 0-0 Bb7 10. b3 Nbd7 11. Bb2 Ne4 12. Nxe4 dxe4 13. Nxd7 Qxd7 14. c5 Be7 15. b4 a5 1/2-1/2

[Event "Mislata op 16th"]
[Site "Mislata"]
[Date "2008.08.28"]
[Round "5"]
[White "Martinez Tormo, Jorge"]
[Black "Fenollar Jorda, Manuel"]
[Result "0-1"]
[WhiteElo "2201"]
[BlackElo "2298"]
[PlyCount "56"]
[EventDate "2008.08.25"]
[EventType "swiss"]
[EventRounds "9"]
[EventCountry "ESP"]
[SourceTitle "CBM 126 Extra"]
[Source "ChessBase"]
[SourceDate "2008.11.05"]
[SourceVersion "1"]
[SourceVersionDate "2008.11.05"]
[SourceQuality "1"]

1. e4 e6 2. d4 d5 3. e5 c5 4. c3 Nc6 5. Nf3 Qb6 6. a3 Nh6 7. b4 cxd4 8. cxd4 Nf5 9. Bb2 Be7 10. Be2 0-0 11. 0-0 a5 12. b5 a4 13. Ra2 Na5 14. Nc3 Nc4 15. Bxc4 dxc4 16. g4 Nh4 17. Nxh4 Bxh4 18. Qe2 Rd8 19. Rd1 Rxd4 20. Rxd4 Qxd4 21. Nxa4 Bxf2+ 22. Kf1 Qa7 23. Nc3 Bd4 24. Nd1 Bxb2 25. Nxb2 Bd7 26. Qxc4 Qa5 27. Kf2 Bxb5 28. Qf4 Rd8 0-1

[Event "Mislata op 16th"]
[Site "Mislata"]
[Date "2008.08.27"]
[Round "4"]
[White "Molina, Jorge"]
[Black "Martinez Tormo, Jorge"]
[Result "1/2-1/2"]
[WhiteElo "2105"]
[BlackElo "2201"]
[PlyCount "25"]
[EventDate "2008.08.25"]
[EventType "swiss"]
[EventRounds "9"]
[EventCountry "ESP"]
[SourceTitle "CBM 126 Extra"]
[Source "ChessBase"]
[SourceDate "2008.11.05"]
[SourceVersion "1"]
[SourceVersionDate "2008.11.05"]
[SourceQuality "1"]

1. d4 d5 2. c4 c6 3. cxd5 cxd5 4. Nc3 Nf6 5. Nf3 Nc6 6. Bf4 e6 7. e3 Bd6 8. Bg3 0-0 9. Rc1 a6 10. Bd3 h6 11. Bh4 Bd7 12. 0-0 g5 13. Bg3 1/2-1/2

[Event "Mostoles Bicentenary op"]
[Site "Mostoles"]
[Date "2008.05.29"]
[Round "8"]
[White "Serrano Salvador, Eduardo"]
[Black "Martinez Tormo, Jorge"]
[Result "1-0"]
[WhiteElo "2363"]
[BlackElo "2169"]
[PlyCount "93"]
[EventDate "2008.05.20"]
[EventType "swiss"]
[EventRounds "9"]
[EventCountry "ESP"]
[SourceTitle "EXT 2009"]
[Source "ChessBase"]
[SourceDate "2008.11.26"]
[SourceVersion "1"]
[SourceVersionDate "2008.11.26"]
[SourceQuality "1"]

1. d4 d5 2. c4 c6 3. Nf3 Nf6 4. Nc3 e6 5. e3 Nbd7 6. Bd3 Bd6 7. 0-0 0-0 8. e4 dxc4 9. Bxc4 e5 10. Bg5 h6 11. Bh4 b5 12. Bb3 a6 13. a3 Bb7 14. Bg3 Qc7 15. dxe5 Nxe5 16. Nxe5 Bxe5 17. Bxe5 Qxe5 18. f4 Qc7 19. e5 Nd5 20. Nxd5 cxd5 21. Qd4 Rac8 22. Rad1 Qc5 23. Qxc5 Rxc5 24. Rc1 Rfc8 25. Rxc5 Rxc5 26. Rd1 Kf8 27. Kf2 Ke7 28. Ke3 Ke6 29. Kd4 Rc7 30. g4 g6 31. Rd3 f5 32. exf6 Kxf6 33. h3 Ke6 34. Re3+ Kd6 35. f5 gxf5 36. gxf5 h5 37. h4 Rg7 38. Re6+ Kc7 39. f6 Rg4+ 40. Kc5 Bc8 41. f7 Rf4 42. Re7+ Bd7 43. Bxd5 Kd8 44. Re3 Rf5 45. Rf3 Ke7 46. Rxf5 Bxf5 47. Kb6 1-0

[Event "Mostoles Bicentenary op"]
[Site "Mostoles"]
[Date "2008.05.27"]
[Round "6"]
[White "Pogorelov, Ruslan"]
[Black "Martinez Tormo, Jorge"]
[Result "1-0"]
[WhiteElo "2423"]
[BlackElo "2219"]
[PlyCount "78"]
[EventDate "2008.05.20"]
[EventType "swiss"]
[EventRounds "9"]
[EventCountry "ESP"]
[SourceTitle "CBM 124 Extra"]
[Source "ChessBase"]
[SourceDate "2008.07.03"]
[SourceVersion "1"]
[SourceVersionDate "2008.07.03"]
[SourceQuality "1"]

1. d4 d5 2. c4 c6 3. Nf3 e6 4. Nc3 Nf6 5. Bg5 Be7 6. e3 Nbd7 7. Qc2 0-0 8. a3 b6 9. cxd5 exd5 10. Bd3 h6 11. Bf4 Bb7 12. h3 c5 13. 0-0 Rc8 14. Bf5 Ra8 15. Rfd1 c4 16. b3 cxb3 17. Qxb3 Nb8 18. Ne5 Nc6 19. Nxc6 Bxc6 20. Nb5 g6 21. Bd3 Kh7 22. Rdc1 Qd7 23. a4 Rac8 24. a5 Bxb5 25. Bxb5 Qe6 26. Bc7 Bc5 27. dxc5 Rxc7 28. cxb6 Rxc1+ 29. Rxc1 axb6 30. a6 Ne4 31. Rc6 Qe5 32. Qa3 Ra8 33. Rxb6 Rc8 34. f4 Qh5 35. Qe7 Rc1+ 36. Kh2 g5 37. Bd3 g4 38. Bxe4+ dxe4 39. Qxe4+ Kg7 1-0

[Event "Mostoles Bicentenary op"]
[Site "Mostoles"]
[Date "2008.05.26"]
[Round "5"]
[White "Martinez Tormo, Jorge"]
[Black "Kovacevic, Slobodan"]
[Result "1-0"]
[WhiteElo "2219"]
[BlackElo "2426"]
[PlyCount "155"]
[EventDate "2008.05.20"]
[EventType "swiss"]
[EventRounds "9"]
[EventCountry "ESP"]
[SourceTitle "CBM 124 Extra"]
[Source "ChessBase"]
[SourceDate "2008.07.03"]
[SourceVersion "1"]
[SourceVersionDate "2008.07.03"]
[SourceQuality "1"]

1. e4 c5 2. Nf3 e6 3. d4 cxd4 4. Nxd4 a6 5. Bd3 Nf6 6. 0-0 d6 7. Nc3 Nbd7 8. Be3 Be7 9. f4 0-0 10. Qf3 g6 11. Nde2 Qc7 12. g4 b5 13. g5 Ne8 14. Qh3 b4 15. Nb1 Nc5 16. Rc1 f5 17. Nd2 Bb7 18. Ng3 Ng7 19. exf5 exf5 20. Bf1 Na4 21. b3 Nc3 22. Ne2 Nd5 23. Bf2 Ne6 24. Qg3 Rfe8 25. c4 Nb6 26. Nd4 Ng7 27. Bg2 Nh5 28. Qh4 Bxg2 29. Kxg2 Ng7 30. Qg3 Nd7 31. Qf3 Nc5 32. Re1 Bf8 33. Nc2 a5 34. Nd4 Qf7 35. Rxe8 Rxe8 36. Re1 Nh5 37. Rxe8 Qxe8 38. Qd5+ Kh8 39. Kf3 Nd3 40. Ne6 Nxf2 41. Kxf2 h6 42. h4 hxg5 43. hxg5 Qc8 44. Nf3 Be7 45. Nfd4 Bf8 46. Qxa5 Bg7 47. Qa7 Kg8 48. Kf3 Bxd4 49. Nxd4 Ng7 50. Qe7 Qa8+ 51. Ke3 Qh1 52. Ne2 Qd1 53. Qf6 Kh7 54. Qd4 Qc2 55. Qxd6 Qxa2 56. Qxb4 Qa7+ 57. Kf3 Qa8+ 58. Kf2 Qa7+ 59. c5 Ne6 60. Qb6 Qe7 61. Qd6 Qxd6 62. cxd6 Kg7 63. Ke3 Kf7 64. b4 Ke8 65. Nd4 Nd8 66. Nf3 Kd7 67. Ne5+ Kxd6 68. Nxg6 Ne6 69. Ne5 Kd5 70. Nf7 Ng7 71. b5 Ne6 72. Nh6 Ng7 73. b6 Kc6 74. Kd4 Kxb6 75. Ke5 Kc7 76. Nxf5 Nh5 77. g6 Kd7 78. g7 1-0

[Event "Cullera op-A"]
[Site "Cullera"]
[Date "2006.07.21"]
[Round "2"]
[White "Vilanova Corbi, Jorge"]
[Black "Martinez Tormo, Jorge"]
[Result "1-0"]
[WhiteElo "2087"]
[BlackElo "2212"]
[PlyCount "53"]
[EventDate "2006.07.20"]
[EventType "swiss"]
[EventRounds "9"]
[EventCountry "ESP"]
[SourceTitle "EXT 2007"]
[Source "ChessBase"]
[SourceDate "2006.11.23"]
[SourceVersion "1"]
[SourceVersionDate "2006.11.23"]
[SourceQuality "1"]

1. d4 d5 2. c4 e6 3. Nc3 Nf6 4. cxd5 exd5 5. Bg5 Be7 6. Qc2 c6 7. e3 0-0 8. Bd3 Nbd7 9. Nge2 Re8 10. f3 h6 11. Bh4 c5 12. 0-0 b6 13. Rad1 Bb7 14. Kh1 a6 15. dxc5 bxc5 16. Bf5 Nb6 17. b3 Bd6 18. e4 d4 19. Nb1 g6 20. Bxg6 fxg6 21. e5 g5 22. Qg6+ Kh8 23. exf6 Bf8 24. f7 Bg7 25. fxe8Q+ Qxe8 26. Qxb6 Bc8 27. Bg3 1-0

[Event "Cullera op 26th"]
[Site "Cullera"]
[Date "2005.07.30"]
[Round "9.19"]
[White "Serrano Felipe, Rafael"]
[Black "Martinez Tormo, Jorge"]
[Result "1-0"]
[WhiteElo "2106"]
[BlackElo "2229"]
[PlyCount "71"]
[EventDate "2005.07.21"]
[EventType "swiss"]
[EventRounds "9"]
[EventCountry "ESP"]
[SourceTitle "CBM 107 Extra"]
[Source "ChessBase"]
[SourceDate "2005.09.01"]
[SourceVersion "1"]
[SourceVersionDate "2005.09.01"]
[SourceQuality "1"]

1. e4 c5 2. Nf3 e6 3. d4 cxd4 4. Nxd4 Nf6 5. Nc3 Nc6 6. Ndb5 Bb4 7. a3 Bxc3+ 8. Nxc3 d5 9. Bd3 dxe4 10. Nxe4 Nxe4 11. Bxe4 Qxd1+ 12. Kxd1 f5 13. Bxc6+ bxc6 14. c4 h6 15. Re1 Ke7 16. Kc2 Bb7 17. Bd2 a5 18. Re5 Ba6 19. Kc3 Bc8 20. Rae1 Kf7 21. a4 Bd7 22. b3 Ra6 23. Rc5 Rb8 24. Kc2 Rba8 25. Ree5 Ke7 26. Bxa5 R8a7 27. Bb4 Kf7 28. Re3 Rb7 29. Bc3 Be8 30. a5 Bd7 31. b4 Ra8 32. Re1 g5 33. Rb1 Rab8 34. a6 Ra7 35. Ra5 Rba8 36. Rd1 1-0

[Event "Cullera op 26th"]
[Site "Cullera"]
[Date "2005.07.25"]
[Round "4.29"]
[White "Martinez Tormo, Jorge"]
[Black "Meseguer Pallares, Roque"]
[Result "1-0"]
[WhiteElo "2229"]
[BlackElo "2101"]
[PlyCount "56"]
[EventDate "2005.07.21"]
[EventType "swiss"]
[EventRounds "9"]
[EventCountry "ESP"]
[SourceTitle "CBM 107 Extra"]
[Source "ChessBase"]
[SourceDate "2005.09.01"]
[SourceVersion "1"]
[SourceVersionDate "2005.09.01"]
[SourceQuality "1"]

1. e4 c6 2. d4 d5 3. e5 Bf5 4. Bd3 Bxd3 5. Qxd3 e6 6. Ne2 Qb6 7. 0-0 Qa6 8. Qf3 Ne7 9. Ng3 c5 10. c3 Nec6 11. Rd1 Nd7 12. a3 Qa4 13. Be3 h5 14. h3 h4 15. Nf1 g6 16. Nh2 Qc2 17. Rd2 Qf5 18. Qd1 c4 19. Re2 Be7 20. Nd2 0-0 21. f4 b5 22. Ndf3 Kg7 23. Ng5 f6 24. exf6+ Bxf6 25. Nhf3 Rh8 26. Qe1 Bxg5 27. fxg5 e5 28. dxe5 Ndxe5 1-0

[Event "Cullera op 26th"]
[Site "Cullera"]
[Date "2005.07.22"]
[Round "1.24"]
[White "Gallardo de la Torre, Yasmina"]
[Black "Martinez Tormo, Jorge"]
[Result "1/2-1/2"]
[WhiteElo "2026"]
[BlackElo "2229"]
[PlyCount "50"]
[EventDate "2005.07.21"]
[EventType "swiss"]
[EventRounds "9"]
[EventCountry "ESP"]
[SourceTitle "CBM 107 Extra"]
[Source "ChessBase"]
[SourceDate "2005.09.01"]
[SourceVersion "1"]
[SourceVersionDate "2005.09.01"]
[SourceQuality "1"]

1. e4 c5 2. d3 Nc6 3. g3 g6 4. Bg2 Bg7 5. f4 d6 6. Nf3 e6 7. c3 Nge7 8. 0-0 0-0 9. Be3 Rb8 10. d4 d5 11. e5 cxd4 12. cxd4 f6 13. Bf2 b5 14. Nbd2 Na5 15. b3 f5 16. Ne1 b4 17. Nd3 Ba6 18. Nf3 Qb6 19. Re1 Bxd3 20. Qxd3 Rfc8 21. Rec1 Bf8 22. h4 Nb7 23. Be3 Nd8 24. Bd2 a5 25. Kf2 h5 1/2-1/2

[Event "Benidorm op U2300 03rd"]
[Site "Benidorm"]
[Date "2004.11.25"]
[Round "7"]
[White "Cabello Rodriguez, Sandro"]
[Black "Martinez Tormo, Jorge"]
[Result "1/2-1/2"]
[WhiteElo "2154"]
[BlackElo "2240"]
[PlyCount "43"]
[EventDate "2004.11.19"]
[EventType "swiss"]
[EventRounds "9"]
[EventCountry "ESP"]
[SourceTitle "CBM 103 Extra"]
[Source "ChessBase"]
[SourceDate "2005.01.01"]
[SourceVersion "1"]
[SourceVersionDate "2005.01.01"]
[SourceQuality "1"]

1. e4 c5 2. Nf3 e6 3. d4 cxd4 4. Nxd4 Nf6 5. Nc3 Nc6 6. Ndb5 Bb4 7. a3 Bxc3+ 8. Nxc3 d5 9. exd5 exd5 10. Bd3 Bg4 11. f3 Be6 12. Bg5 h6 13. Bh4 0-0 14. 0-0 g5 15. Bf2 a6 16. Qd2 Nh5 17. Rfe1 b5 18. Bf1 Qd7 19. Rad1 Rfd8 20. Bb6 Rdb8 21. Be3 Rd8 22. Bb6 1/2-1/2